=LDR 00000nam 2200000 4500 =001 000551 =005 20250711123022 =035 ##$$a 0010-0725000419 =007 ta =008 250711################a##########0#ind## =020 ##$$a 978-623-307-288-5 =082 ##$$a 398.209 598 =084 ##$$a 398.209 598 RUB k =100 #$$a Ruby thomas =245 1#$$a Kisah hidup /$c Ruby thomas =250 ##$$a Cetakan kedua =260 ##$$a Rawamangun :$b Badan pengembangan dan pembinaan bahasa,$c 2022 =300 ##$$a 26 hlm. : $b Ilus. ; $c 29cm =650 #4$$a Cerita anak indonesia-terjemahan =990 ##$$a TBM03120312